LEADER 01099nam a2200277 i 4500 001 000000147712 003 CaOOAMICUS 005 20060210000000.0 008 060210s2003 it u000 u ita u 013 $a124981 020 $a88-16-30392-1 040 $aSeMil$bita 100 1 $aFumet, Stanislas <1896-1983>.$0(OLS)http://semarc/name/23404 240 13$aLe Procčs de l'art.$0(OLS)http://semarc/title/215969 245 10$aProcesso all'arte /$cStanislas Fumet. 260 $aMilano :$bJaca Book,$c2003 (copyr. 2002) 300 $a125 p. ;$c24 cm. 490 0 $aGią e non ancora [Jaca Book] ;$v392 650 4$aArte - Studi.$0(OLS)http://semarc/subject/5860 830 0$aGią e non ancora ;$v392.$0(OLS)http://semarc/title/5902 850 $aSeMil 852 $aSeMil$W1$xVenegono$y1$m5X VI 83$j100248$B100248$CSeMilBibl$Z2$F109282 $81 961 $aRecupero: Seminario di Seveso 996 $6020$a88-16-30392-1$9(OLS)http://semarc/number/136489 996 $6245$aProcesso all'arte$9(OLS)http://semarc/title/215968 996 $6260$aMilano :$bJaca Book$9(OLS)http://semarc/publisher/29781 LEADER 01056nam a2200253 i 4500 001 000000041066 003 CaOOAMICUS 005 20101117000000.0 008 101117s1994 it u000 u ita u 013 $a12236 020 $a88-7023-199-2 040 $aSeMil$bita 100 1 $aMajo, Angelo Giuseppe,$c.$0(OLS)http://semarc/name/3746 245 10$aA.C. Ferrari :$buomo di Dio, uomo di tutti /$cAngelo Majo. 260 $aMilano :$bNED,$ccopyr. 1994. 300 $a199 p., [8] p. di tav. ;$c21 cm. 500 $aContiene : Saggio bibliografico. Dono di Mons. Rimoldi. 600 14$aFerrari, Andrea Carlo .$0(OLS)http://semarc/subject/1361 850 $aSeMil 852 $aSeMil$W1$xVenegono$y1$m3J I 260$j7221$B7221$CSeMilBibl$Z2$F7221 $81 961 $aOmaggio: Rimoldi mons. Antonio 996 $6020$a88-7023-199-2$9(OLS)http://semarc/number/11645 996 $6245$aA.C. Ferrari :$buomo di Dio, uomo di tutti$9(OLS)http://semarc/title/59281 996 $6260$aMilano :$bNED$9(OLS)http://semarc/publisher/30187